000 00330nam a22001577a 4500
005 20150930161840.0
008 150930b xxu||||| |||| 00| 0 eng d
020 _a978813180814
041 _aeng
082 _a621
_b1
100 _aBansal R K
_943
245 _aStrength Of Materials
250 _a5
260 _bLaxhmi
942 _cBK
999 _c1
_d1